Geometry Dash - Extreme Demons Containing Extreme Demons (Pre-2.2) - Statistics

General Stats
  • This quiz has been taken 61 times
    20 since last reset
  • The average score is 15 of 113
Answer Stats
Answer Contains 2 3 % Correct
Sonic Wave Infinity Sonic Wave
69%
Silent clubstep Silent Club
62%
Sonic Wave Rebirth Sonic Wave
46%
ATOMIC CANNON Mk II ATOMIC CANNON
38%
Red World Rebirth Red World
38%
Ancestral Calamity Calamity
23%
Aquatic Auroras Aurora
23%
Audio Expulsion EX
23%
Audio Extraction EX
23%
Auroral Darkness Aurora
23%
Azurite Azurite
23%
Balengu Vortex EX
23%
Bausha Vortex EX
23%
Deimos Deimos
23%
Omega Interface Omega
23%
Ouroboros Startpos 2 Ouroboros
23%
Sigma Interface Sigma
23%
The Paroxysm of Rage Paroxysm Rage
23%
Tunnel of Despair Tunnel
23%
Advent Aurora Aurora
15%
APEX EX
15%
Atmosphere Atmos
15%
Aurorae Aurora
15%
Breakout Redux Breakout
15%
Cosmic Cluster II Cosmic Cluster
15%
Cosmic Cyclone CYCLONE
15%
Delta Interface Delta
15%
Descent Into Exile EX
15%
ErebuS Erebus
15%
Erebus ErebuS
15%
Exosphere EX xo
15%
Explosion EX
15%
FIREPOWER FirePower
15%
FirePower FIREPOWER
15%
Frozen Cave Frozen
15%
Gracefully Graceful
15%
IthacropoliX AcropoliX
15%
MINIMUM MINIMUM
15%
Mirrored Calamity Calamity
15%
Prismatic Haze Prisma
15%
Quaoar Quaoar
15%
Surge of Memories memories
15%
Terminal Rampancy RAM
15%
TORNADO TORN
15%
untitled unmastered Untitled
15%
100HEX EX
8%
Blue Suns Zenith Zenith
8%
Cluttered Confusion ConFusion
8%
Concaved Memories memories
8%
corrupted volume Volume
8%
Crystal Crusher Crystal
8%
Dedohexdragon EX
8%
Devil Vortex EX
8%
ECSTASY Ecstasy
8%
Ecstasy ECSTASY
8%
Enlightened memories memories
8%
eternal entropy Entropy ETERNAL
8%
Eternal Moment ETERNAL moment
8%
Ethereal Artifice Artifice
8%
Excruciation Chamber EX
8%
Exotic Energy EX xo
8%
EXPLICIT EX
8%
Extinction EX
8%
Ferrum Frenzy Frenzy
8%
Fexty EX
8%
Final Epilogue Ogue
8%
Framework RAM
8%
Friday Vortex EX FRIDAY
8%
Glitched Memories memories
8%
Hazy Memories memories
8%
HELIX Helix
8%
Helix HELIX
8%
Instant Execution EX
8%
Instinct Instinct
8%
Interstellar Entropy Entropy
8%
Le Fishe Fishe
8%
Mecha Mayhem Mayhem
8%
memories III memories
8%
Metal Requiem Requiem
8%
Mirage Rage
8%
Mystic Bounds Mystic
8%
NETWORK network
8%
network NETWORK
8%
Pandemonium Pandemonium
8%
Phantasmagoria Phantasma phantasmagoria
8%
phantasmagoria Phantasma Phantasmagoria
8%
Photovoltaic II Voltaic
8%
Recrystallize Crystal
8%
Redemption Arc Redemption
8%
Retention Rush Retention
8%
robotchief exposal EX
8%
Shimmering Chamber shimmer
8%
Spectrum Cyclone CYCLONE
8%
Stereo Extremeness EX
8%
Tempest Tornado TORN TORNADO
8%
Tesseract Force Tesseract
8%
The Lost Existence EX
8%
The Mainframe RAM
8%
Titan Complex EX
8%
To the Exosphere EX Exosphere xo
8%
Twilight Coexistence EX Twilight
8%
Unknown Civilization UNKNOWN
8%
very rusty pipeline RUST
8%
Vexatious EX
8%
Violet Illusions Illusion
8%
Virtual Collapse Collapse
8%
Vortex of Time EX
8%
No matching quizzes found
Score Distribution
Percent of People with Each Score
Percentile by Number Answered
Your Score History
You have not taken this quiz since the last reset